000 00577nam a2200169Ia 4500
003 GCL
008 140319s9999 xx 000 0 ara d
040 _aGCL /
_cGCL
082 0 4 _a020.4
_bم ن
100 1 _aمحمد السعيد خشبة
245 1 0 _aنظم المعلومات والمفاهيم التحليل والتصميم /
_cمحمد السعيد خشبة
260 _a[S.N] :
_bدار المعارف ،
_c1992
300 _a367 ص
490 _aموسوعة المعلومات التكنولوجيا
_v0
650 0 4 _aنظم المعلومات
942 _2ddc
_cBK
999 _c53273
_d53273